000
00286nam a22001217a 4500
008
190226b xxu||||| |||| 00| 0 eng d
041
_a
eng
080
_a
941
100
_a
18
101
_a
SHH
245
_a
A Pictorial History of the world's great trials
_c
Harris,J
942
_2
udc
_c
BK
999
_c
54300
_d
54300